000 00688nam a22002417a 4500
003 UA-OsUOA
001 135693
007 ta
008 20190211b un ||||| |||| 00| 0 ukr d
100 _aПлотніков О. В.
700 _aБорзенко О. О.
700 _aПанфілова Т. О.
090 _a330
_bП39
942 _cSA
040 _aUA-OsUOA
_bukr
_cUA-OsUOA
_dUA-OsUOA
245 _aФіскальні інститути у процесі трансформації Європейського Союзу
300 _aС.148-157
955 _a0
041 _aukr
080 _a330
773 0 _w135683
650 7 _a330 Економіка взагалі
_2UDC
999 _c408262
_d408262